000 00609nam a2200181 i 4500
001 87834
003 ES-MaACL
005 20230906175741.0
007 t|
008 041223s1969 sp ||||1| spa d
100 1 _aKurtze, Guenter.
_969069
245 1 0 _aFísica y técnica de la lucha contra el ruido /
_cGünter Kurtze ; traducido por Luis Lacorte Martínez ; revisado por José Baltá Elías.
260 _aBilbao :
_bUrmo,
_c[1969]
300 _a546 p. :
_bil. ;
_c25 cm.
700 1 _aLacorte Martínez, Luis.
_969389
700 1 _aBaltá Elías, José.
_925118
852 _aES-MaACL
_jC-37675
_bR.72348
999 _c87834
_d87834